00574njm a2200169 i 4500001001100000003000500011005001700016008004100033040002500074245008700099264007000186336002100256337002500277338002300302500005200325650002700377C2-0229331PPAK20180729152210.0000928s1999 my |||| ||||| | may d aPPAKbengcPPAKerda00aMahsuri, Raja Bersiong, Puteri Lindungan Bulan : antara sejarah, mitos dan legenda 1aAlor Setar, Kedah : bPerbadanan Perpustakaan Awam Kedah , c1999 2rdacontentatext 2rdamediaaunmediated 2rdacarrieravolume aDirakam pada 03/02/1999 ; Mempunyai transkripsi10aFolk literature, Malay